000 00911nam a2200277Ia 4500
999 _c53653
_d53653
001 20700
003 GE_BSU
005 20240110152500.0
008 181216s2015||||xx |||||||||||||| ||eng||
020 _a9780323222754
040 _cGE_BSU
041 _aeng
080 _a616.097 A-12
100 _aAbbas, K. Abul
_910352
245 _aCellular And Molecular Immunology /
_cK. Abul Abbas, A. H Lichtman, S. Pillai.
264 _aPhiladelfia :
_bElsevier,
_c2015.
300 _a535 p. :
_bill. ;
_c28cm.
541 _h159 Gel.
653 _aCellular And Molecular Immunology
653 _aСотовая и молекулярная иммунология
653 _aმედიცინა
653 _aფიჭური და მოლეკულური იმუნოლოგია
700 _aLichtman, A. H.
_eBy
_910353
700 _aPillai, S
_eBy
_910354
942 _cBK
_2udc